000 01186cab a2200217 4500
001 L129250
008 050404n2005 000 0 eng u
035 _a(Sirsi) u129250
041 _aeng
100 _aRedmond, John
245 2 _aA simple disaster
260 _c2005
490 _aBuilding
_v270(8372) 11 March 2005, 59(1)
520 _aDiscusses the case of "Collins (Contractors) Ltd v Baltic Quay Management (1994) Ltd" ([2004] EWCA) Civ 1757, Times 3 January 2005) which demonstrates the problems of assuming a dispute does not exist and bypassing arbitration. Points out that Collins wasted a year in litigation against Baltic Quay Management in an attempt to collect a payment of £28 331, as its claim that there was no dispute was not correct. It was stated that the case should have gone to arbitration or adjudication.
590 _aIKA150405
650 _aCOLLINS (CONTRACTORS) LTD V BALTIC QUAY MANAGEMENT (1994) LTD
650 _aHOUSING GRANTS, CONSTRUCTION AND REGENERATION ACT 1996 S111
650 _aARBITRATION ACT 1996 S9
690 _aMANAGEMENT-DISPUTE AVOIDANCE, MANAGEMENT AND RESOLUTION-DISPUTE MANAGEMENT AND RESOLUTION-ARBITRATION
942 _n0
999 _c75019
_d75019